Boys don't cry! (Record no. 92086)
[ view plain ]
| 000 -LEADER | |
|---|---|
| fixed length control field | 01408nam a2200253Ii 4500 |
| 008 - FIXED-LENGTH DATA ELEMENTS--GENERAL INFORMATION | |
| fixed length control field | 221202s xx 000 0 und d |
| 245 #0 - TITLE STATEMENT | |
| Title | Boys don't cry! |
| 246 ## - VARYING FORM OF TITLE | |
| Title proper/short title | Les coûts de la domination masculine |
| 264 ## - PRODUCTION, PUBLICATION, DISTRIBUTION, MANUFACTURE, AND COPYRIGHT NOTICE | |
| Name of producer, publisher, distributor, manufacturer | Presses universitaires de Rennes |
| Date of production, publication, distribution, manufacture, or copyright notice | 2012 |
| 300 ## - PHYSICAL DESCRIPTION | |
| Extent | 1 online resource |
| 336 ## - CONTENT TYPE | |
| Content type term | text |
| Content type code | txt |
| Source | rdacontent |
| 337 ## - MEDIA TYPE | |
| Media type term | computer |
| Media type code | c |
| Source | rdamedia |
| 338 ## - CARRIER TYPE | |
| Carrier type term | online resource |
| Carrier type code | cr |
| Source | rdacarrier |
| 520 ## - SUMMARY, ETC. | |
| Summary, etc. | Ce livre analyse les discours « masculinistes », tels qu'ils s'affirment par exemple dans certaines organisations de pères divorcés. Côté scientifique, l'enjeu est clair : il s'agit de poursuivre le travail de déconstruction de la domination masculine en montrant que celle-ci n'a rien de naturel. Elle suppose des investissements et implique des coûts, pour les femmes bien sûr, mais également pour les hommes. Combinant prudence, rigueur et refus des tabous, ce livre revendique donc la vertu de l'insolence scientifique en posant la question des coûts des masculinités. |
| 653 ## - INDEX TERM--UNCONTROLLED | |
| Uncontrolled term | Domination |
| 653 ## - INDEX TERM--UNCONTROLLED | |
| Uncontrolled term | Genre |
| 653 ## - INDEX TERM--UNCONTROLLED | |
| Uncontrolled term | Homosexualit� |
| 653 ## - INDEX TERM--UNCONTROLLED | |
| Uncontrolled term | Masculine |
| 653 ## - INDEX TERM--UNCONTROLLED | |
| Uncontrolled term | Sociology |
| 700 1# - ADDED ENTRY--PERSONAL NAME | |
| Personal name | Dulong, Delphine |
| 700 1# - ADDED ENTRY--PERSONAL NAME | |
| Personal name | Guionnet, Christine |
| 856 ## - ELECTRONIC LOCATION AND ACCESS | |
| Uniform Resource Identifier | <a href="https://docs.google.com/spreadsheets/d/1yKIrdCPDAG_9c22mwoOIO2DOhtj65Wqa/edit?usp=sharing&ouid=106555315294820607512&rtpof=true&sd=true ">https://docs.google.com/spreadsheets/d/1yKIrdCPDAG_9c22mwoOIO2DOhtj65Wqa/edit?usp=sharing&ouid=106555315294820607512&rtpof=true&sd=true </a> |
| Link text | List of Curated E-Books |
| 942 ## - ADDED ENTRY ELEMENTS (KOHA) | |
| Koha item type | E-Book |
No items available.